Online
Catalog

Vida de Francisco Pizarro. / (Record no. 8047)

MARC details
000 -CABECERA
campo de control de longitud fija 00914cam a2200241 a 4500
001 - NÚMERO DE CONTROL
campo de control 000008276
005 - FECHA Y HORA DE LA ÚLTIMA TRANSACCIÓN
campo de control 20200929161324.0
008 - DATOS DE LONGITUD FIJA--INFORMACIÓN GENERAL
campo de control de longitud fija 840926s1959 sp 000 0bspa
040 ## - FUENTE DE LA CATALOGACIÓN
Centro catalogador/agencia de origen DO-SdBNP
Lengua de catalogación spa
Centro/agencia transcriptor DLC
Centro/agencia modificador BNPHU
082 ## - NÚMERO DE LA CLASIFICACIÓN DECIMAL DEWEY
Número de clasificación 985.02
Número de documento/Ítem P695q, 1959
100 1# - ENTRADA PRINCIPAL--NOMBRE DE PERSONA
Nombre de persona Quintana, Manuel José,
Fechas asociadas al nombre 1772-1857.
9 (RLIN) 22412
245 10 - MENCIÓN DE TÍTULO
Título Vida de Francisco Pizarro. /
Mención de responsabilidad, etc. Manuel José Quintana.
250 ## - MENCIÓN DE EDICIÓN
Mención de edición 3a. ed.
260 ## - PUBLICACIÓN, DISTRIBUCIÓN, ETC.
Lugar de publicación, distribución, etc. Madrid, (España) :
Nombre del editor, distribuidor, etc. Editorial Espasa-Calpe,
Fecha de publicación, distribución, etc. 1959.
300 ## - DESCRIPCIÓN FÍSICA
Extensión 156 p. ;
Dimensiones 18 cm.
490 1# - MENCIÓN DE SERIE
Mención de serie Austral: Anaranjada: biografías y vidas novelescas
Designación de volumen o secuencia 388
504 ## - NOTA DE BIBLIOGRAFÍA, ETC.
Nota de bibliografía, etc. Incluye índice
600 14 - PUNTO DE ACCESO ADICIONAL DE MATERIA--NOMBRE DE PERSONA
Nombre de persona PIZARRO, FRANCISCO
Títulos y otros términos asociados al nombre MARQUES
Fechas asociadas al nombre 1470?-1541.
9 (RLIN) 22413
651 #4 - PUNTO DE ACCESO ADICIONAL DE MATERIA--NOMBRE GEOGRÁFICO
Nombre geográfico Perú
Subdivisión general Historia
-- Descubrimiento Y Conquista, 1522-1548.
9 (RLIN) 22414
600 14 - PUNTO DE ACCESO ADICIONAL DE MATERIA--NOMBRE DE PERSONA
Nombre de persona PIZARRO, FRANCISCO
Subdivisión general BIOGRAFÍA
9 (RLIN) 22415
830 #0 - PUNTO DE ACCESO ADICIONAL DE SERIE-TÍTULO UNIFORME
Título uniforme Austral. Anaranjada: biografías y vidas novelescas
Designación de volumen o secuencia 388
9 (RLIN) 3058
910 ## - DATOS DE OPCIÓN DEL USUARIO (OCLC)
Datos de opción del usuario Catalogación por copia / LC
Holdings
Estado de retiro Estado de pérdida Restricciones de uso No para préstamo Código de colección Localización permanente Ubicación/localización actual Ubicación en estantería Fecha de adquisición Número de inventario Total de préstamos Signatura topográfica completa Código de barras Fecha visto por última vez Precio válido a partir de Tipo de ítem Koha Número de copia
        Monografías: Libros y Folletos General General En catalogación 15.09.2009 LF1   985.02 P695q, 1959 8276-10 25.06.2020 25.06.2020 Préstamo en sala  
    Préstamo restringido Préstamo restrigido Monografías: Libros y Folletos General General En catalogación 01.07.2010 LF1   985.02 P695q, 1959 8276-20 25.06.2020 25.06.2020 Préstamo interno e.2

Powered by Koha